000 00413cam a2200169ua 4500
020 _c2.00
041 _aeng
_h
082 _a923.2
_bJOG/LO
100 _aJog, N G .
245 _aLokmanya Bal Gangadhar Tilak /
_cN G Jog.
_hTextual Documents
260 _aIndia :
_bMinistry of I&B, Govt. of India ,
_c1962.
300 _a208 ; .
365 _a2.00
504 _a
942 _cBK
999 _c4414
_d4414